[Event "DVM U16 2013"]
[Site "Lingen (Ems) GER"]
[Date "2013.12.27"]
[Round "1"]
[White "Walliser, Pascal"]
[Black "Zimmer, Raphael"]
[Result "1-0"]
[Termination "normal"]
[Board "6.4"]
[WhiteElo "1450"]
[BlackElo "1625"]
[WhiteTeam "SK Sontheim/Brenz"]
[BlackTeam "SF Sasbach"]
[WhiteFideId "12983128"]
[BlackFideId "12978841"]
[EventCountry "GER"]
[EventRounds "7"]
[EventType "team-swiss"]
[EventDate "2013.12.26"]

1. e4 e5 2. Nf3 Nc6 3. d4 exd4 4. Bc4 Bc5 5. c3 Nf6 6. e5 Qe7 7. O-O Ng4 8.
cxd4 Nxd4 9. Nxd4 Qh4 10. Bf4 Nxh2 11. Bxh2 Bxd4 12. Qb3 O-O 13. Nd2 Bc5 14.
Bg3 Qg4 15. Rae1 a6 16. Re4 Qg5 17. Qc3 Ba7 18. Kh1 b5 19. Nf3 Qe7 20. Bd3 c5
21. Rh4 h6 22. Be4 Rb8 23. Rg4 Rb6 24. Rd1 Bb7 25. Bxb7 Rxb7 26. Rd6 b4 27. Qd2
Kh7 28. Bh4 Qe8 29. Bf6 g5 30. Qd3+ Kg8 31. Rxg5+ hxg5 32. Nxg5 1-0

[Event "DVM U16 2013"]
[Site "Lingen (Ems) GER"]
[Date "2013.12.27"]
[Round "1"]
[White "Herbrig, Alexander"]
[Black "Vöge, Tobias"]
[Result "0-1"]
[Termination "normal"]
[Board "7.1"]
[WhiteElo "1885"]
[BlackElo "1946"]
[WhiteTeam "SC Einheit Bautzen"]
[BlackTeam "Stader SV"]
[WhiteFideId "12952044"]
[BlackFideId "1270513"]
[EventCountry "GER"]
[EventRounds "7"]
[EventType "team-swiss"]
[EventDate "2013.12.26"]

1. e4 c5 2. Nf3 Nc6 3. Bb5 g6 4. Bxc6 bxc6 5. c3 Nf6 6. d3 Bg7 7. O-O O-O 8.
Re1 d6 9. h3 Nd7 10. Nbd2 Rb8 11. Nc4 Ba6 12. Qe2 d5 13. exd5 cxd5 14. Nce5
Nxe5 15. Nxe5 Rb6 16. f4 Re6 17. Qc2 Qc7 18. Nf3 Rxe1+ 19. Nxe1 d4 20. c4 Bb7
21. Nf3 Bxf3 22. gxf3 Qd7 23. Kg2 Qe6 24. a3 a5 25. Qd1 Rb8 26. Rb1 a4 27. b4
axb3 28. Bd2 Qb6 29. a4 b2 30. Kf2 Qb3 31. Qxb3 Rxb3 32. Ke2 Bf6 33. a5 e6 34.
Be1 Bd8 35. Kd2 Bxa5+ 36. Kc2 Bxe1 37. Kxb3 Bc3 38. Ka4 Kf8 39. Kb5 Ke7 40.
Kxc5 Kd7 41. Kb6 h6 42. c5 Kc8 43. Kc6 g5 44. fxg5 hxg5 45. Rg1 Bd2 46. Rb1 Bc3
47. Kd6 Kd8 48. Ke5 Ke7 49. f4 f6+ 50. Ke4 Kd7 51. Kf3 Kc6 52. fxg5 fxg5 53.
Ke2 Kxc5 54. Kd1 Kb4 55. Kc2 Ka3 56. Rd1 Ka2 57. Rb1 e5 58. Rg1 Bd2 59. Rb1 Bc1
0-1

[Event "DVM U16 2013"]
[Site "Lingen (Ems) GER"]
[Date "2013.12.27"]
[Round "1"]
[White "Hammann, Jonas"]
[Black "Herbrig, Marie-Helen"]
[Result "1-0"]
[Termination "normal"]
[Board "7.2"]
[WhiteElo "1756"]
[BlackElo "1720"]
[WhiteTeam "Stader SV"]
[BlackTeam "SC Einheit Bautzen"]
[WhiteFideId "12930601"]
[BlackFideId "12900427"]
[EventCountry "GER"]
[EventRounds "7"]
[EventType "team-swiss"]
[EventDate "2013.12.26"]

1. d4 Nf6 2. Nf3 e6 3. e3 d5 4. Bd3 c5 5. O-O Nc6 6. b3 b6 7. Bb2 Be7 8. Nbd2
Qc7 9. a3 O-O 10. Ne5 Bd6 11. f4 Nd7 12. Rf3 Rb8 13. Bxh7+ Kh8 14. Nxd7 Kxh7
15. Rh3+ Kg8 16. Nf6+ 1-0

[Event "DVM U16 2013"]
[Site "Lingen (Ems) GER"]
[Date "2013.12.27"]
[Round "1"]
[White "Izhboldin, Andrey"]
[Black "Dittmann, Tobias"]
[Result "1/2-1/2"]
[Termination "normal"]
[Board "7.3"]
[WhiteElo "1533"]
[BlackElo "1674"]
[WhiteTeam "SC Einheit Bautzen"]
[BlackTeam "Stader SV"]
[WhiteFideId "12983136"]
[BlackFideId "12964360"]
[EventCountry "GER"]
[EventRounds "7"]
[EventType "team-swiss"]
[EventDate "2013.12.26"]

1. d4 d5 2. c4 e6 3. Nc3 Nf6 4. Bg5 Be7 5. Nf3 c6 6. e3 Nbd7 7. cxd5 exd5 8.
Bd3 O-O 9. O-O Re8 10. Qc2 h6 11. Bh4 Ne4 12. Bxe7 Qxe7 13. a3 Ndf6 14. b4 a6
15. Na4 Qc7 16. Ne5 Be6 17. Nc5 Nd6 18. a4 Rac8 19. Rfc1 Qe7 20. Qb2 Nd7 21.
Nexd7 Bxd7 22. Nxd7 Qxd7 23. Rab1 b5 24. axb5 axb5 25. Qc2 Nc4 26. Bf5 Qd8 27.
Bxc8 Na3 28. Qxc6 Nxb1 29. Bf5 Nd2 30. Qxe8+ Qxe8 31. Rc8 Qxc8 32. Bxc8 Ne4 33.
Kf1 Kf8 34. Ba6 Nc3 35. Ke1 Ke7 36. f3 Na2 37. Bxb5 Nxb4 38. Kd2 Kd6 39. Ba4
Na6 40. Bb3 f6 41. e4 dxe4 42. fxe4 Nc7 43. Bc4 Na8 44. h4 Nb6 45. Bb3 Nc8 46.
h5 Ne7 47. Bf7 Nc6 48. Ke3 Ne7 49. Kf4 Nc6 50. d5 Ne5 51. Bg6 Ke7 52. Bf5 Kd6
53. Ke3 Kc5 54. Be6 Nc4+ 55. Kd3 Ne5+ 56. Kc3 Nc4 57. g4 Ne5 58. Bf5 Nc4 59.
Kb3 Nd6 60. Ka4 Nc4 61. Kb3 Nd6 62. Ka3 Kb5 63. Kb3 1/2-1/2

[Event "DVM U16 2013"]
[Site "Lingen (Ems) GER"]
[Date "2013.12.27"]
[Round "1"]
[White "Kragge, Jan"]
[Black "Arnhold, Steffi"]
[Result "1-0"]
[Termination "normal"]
[Board "7.4"]
[WhiteElo "1681"]
[BlackElo "1422"]
[WhiteTeam "Stader SV"]
[BlackTeam "SC Einheit Bautzen"]
[WhiteFideId "12930415"]
[BlackFideId "12931365"]
[EventCountry "GER"]
[EventRounds "7"]
[EventType "team-swiss"]
[EventDate "2013.12.26"]

1. e4 c5 2. Nf3 d6 3. d4 cxd4 4. Nxd4 Nf6 5. Nc3 a6 6. Be2 e6 7. Bg5 Be7 8. O-O
Nxe4 9. Bxe7 Nxc3 10. Bxd8 Nxd1 11. Bc7 Nxb2 12. Bxd6 Na4 13. f4 Nd7 14. Bf3
Ndc5 15. Rad1 Bd7 16. Nb3 Rc8 17. Nxc5 Nxc5 18. Rd2 Bb5 19. Rfd1 Nd7 20. Bxb7
Rc4 21. Bf3 Ra4 22. a3 f6 23. Bb4 a5 24. c4 axb4 25. cxb5 Ra7 26. Bc6 1-0

[Event "DVM U16 2013"]
[Site "Lingen (Ems) GER"]
[Date "2013.12.27"]
[Round "1"]
[White "Eichstaedt, Mirko"]
[Black "Fortenbacher, Florian"]
[Result "1-0"]
[Termination "normal"]
[Board "8.1"]
[WhiteElo "1939"]
[BlackElo "1745"]
[WhiteTeam "USV Potsdam"]
[BlackTeam "Gütersloher SV"]
[WhiteFideId "24692310"]
[BlackFideId "12979317"]
[EventCountry "GER"]
[EventRounds "7"]
[EventType "team-swiss"]
[EventDate "2013.12.26"]

1. d4 d5 2. c4 c6 3. Nf3 e6 4. e3 Nf6 5. Nc3 Bd6 6. Qc2 O-O 7. b3 Nbd7 8. Bb2
Re8 9. Be2 b6 10. O-O Bb7 11. Rfd1 Qc7 12. Rac1 Rac8 13. cxd5 cxd5 14. Qb1 Qb8
15. h3 h6 16. Nd2 Qa8 17. Nb5 Bb8 18. Ba3 a6 19. Nd6 Bxd6 20. Bxd6 Rc6 21. Rxc6
Bxc6 22. Rc1 Rc8 23. Ba3 Bb7 24. f3 b5 25. Kf2 g6 26. Bd3 Kg7 27. Rc2 Rxc2 28.
Qxc2 Qc8 29. Qxc8 Bxc8 30. e4 Bb7 31. Ke3 g5 32. Bd6 Nf8 33. a4 bxa4 34. bxa4
N8d7 35. a5 dxe4 36. fxe4 g4 37. Nb3 Ne8 38. Bg3 gxh3 39. gxh3 Nef6 40. Nc5
Nxc5 41. dxc5 Bc8 42. Be5 Kg6 43. Bc3 Nd7 44. Kd4 f6 45. e5+ f5 46. c6 1-0

[Event "DVM U16 2013"]
[Site "Lingen (Ems) GER"]
[Date "2013.12.27"]
[Round "1"]
[White "Wulfhorst, Noah"]
[Black "Cech, Tim"]
[Result "0-1"]
[Termination "normal"]
[Board "8.2"]
[WhiteElo "1654"]
[BlackElo "1805"]
[WhiteTeam "Gütersloher SV"]
[BlackTeam "USV Potsdam"]
[WhiteFideId "12964956"]
[BlackFideId "1270258"]
[EventCountry "GER"]
[EventRounds "7"]
[EventType "team-swiss"]
[EventDate "2013.12.26"]

1. e4 e6 2. d4 d5 3. Nd2 c5 4. c3 cxd4 5. cxd4 Nc6 6. Bb5 a6 7. Bxc6+ bxc6 8.
Ne2 Nf6 9. Nc3 Qb6 10. exd5 cxd5 11. Nf3 Bd6 12. O-O O-O 13. Na4 Qa7 14. Ne5
Bd7 15. Bg5 Ne4 16. Bh4 Rab8 17. Nxd7 Qxd7 18. f3 Rb4 19. fxe4 Qxa4 20. b3 Qc6
21. e5 Rxd4 22. Qh5 Ba3 23. Rf3 Qc2 24. Rg3 Rc8 25. h3 Rc3 26. Rf1 Rc7 27. Qg5
Bf8 28. Qh5 Qe4 29. Rg4 Qd3 30. Rf3 Qd1+ 31. Rf1 Qd3 32. Rf3 Qb1+ 33. Rf1 Qb2
34. Rf2 Rd2 35. Rxd2 Qxd2 36. Bf6 g6 37. Qh4 Rc1+ 38. Kh2 Qe3 39. Qg5 Qxg5 40.
Bxg5 Rc2 41. Ra4 Rc6 42. b4 h6 43. Be3 Kg7 44. a3 f6 45. b5 axb5 46. Ra7+ Kg8
47. exf6 e5 48. Rb7 Rxf6 49. Rxb5 d4 50. Bd2 e4 51. Rd5 e3 52. Ba5 Rd6 53. Re5
Bg7 54. Re4 Kf7 55. Bb4 Re6 56. Rf4+ Ke8 57. Kg1 d3 58. Kf1 Rf6 59. Rxf6 Bxf6
60. g3 Be5 61. g4 Bg3 62. Be1 Bxe1 0-1

[Event "DVM U16 2013"]
[Site "Lingen (Ems) GER"]
[Date "2013.12.27"]
[Round "1"]
[White "Werthmann, Nils"]
[Black "Kandler, Pascal"]
[Result "1-0"]
[Termination "normal"]
[Board "8.3"]
[WhiteElo "1765"]
[BlackElo "1539"]
[WhiteTeam "USV Potsdam"]
[BlackTeam "Gütersloher SV"]
[WhiteFideId "1270257"]
[BlackFideId "12964964"]
[EventCountry "GER"]
[EventRounds "7"]
[EventType "team-swiss"]
[EventDate "2013.12.26"]

1. e4 c5 2. Nc3 Nc6 3. g3 g6 4. Bg2 Bg7 5. d3 d6 6. Be3 Nf6 7. h3 O-O 8. Qd2
Nd4 9. Nge2 Nd7 10. h4 h5 11. g4 Nf6 12. gxh5 Nxh5 13. O-O-O Qa5 14. Ng3 Bg4
15. Nxh5 Bxh5 16. Rdg1 Rab8 17. Kb1 Qa6 18. Bh6 b5 19. Bxg7 Kxg7 20. Nd5 e6 21.
Nf4 Rh8 22. Nxh5+ Rxh5 23. c3 Nc6 24. Bf3 Rh6 25. h5 Ne5 26. Be2 Rbh8 27. f4
Nc6 28. f5 Qc8 29. Qf4 Qd7 30. Rf1 Qe7 31. f6+ 1-0

[Event "DVM U16 2013"]
[Site "Lingen (Ems) GER"]
[Date "2013.12.27"]
[Round "1"]
[White "Pfaffenrot, Daniel"]
[Black "Ender, Paul Marius"]
[Result "1/2-1/2"]
[Termination "normal"]
[Board "8.4"]
[WhiteElo "1563"]
[BlackElo "1565"]
[WhiteTeam "Gütersloher SV"]
[BlackTeam "USV Potsdam"]
[WhiteFideId "12964972"]
[BlackFideId "12936545"]
[EventCountry "GER"]
[EventRounds "7"]
[EventType "team-swiss"]
[EventDate "2013.12.26"]

1. d4 f5 2. c4 Nf6 3. Nf3 g6 4. Nc3 Bg7 5. Bf4 d6 6. e3 O-O 7. h3 Qe8 8. Nb5
Qd8 9. Rb1 c6 10. Nc3 Nfd7 11. d5 Qa5 12. Qc2 Na6 13. Nd4 Nf6 14. Nb3 Qd8 15.
a3 c5 16. Bd3 Bd7 17. O-O Nc7 18. Bh2 Rb8 19. e4 fxe4 20. Nxe4 Nxe4 21. Bxe4 a6
22. h4 Bf5 23. Bxf5 Rxf5 24. g4 Rf7 25. Rfe1 Qd7 26. Qe4 b5 27. Nd2 bxc4 28.
Nxc4 Nb5 29. Bg3 Nd4 30. Kg2 Kh8 31. Red1 Kg8 32. b4 cxb4 33. Rxd4 Bxd4 34.
Qxd4 Qb5 35. Rxb4 Qe8 36. Rxb8 Qxb8 37. Qb6 Qxb6 38. Nxb6 Rf8 39. f4 Rb8 40.
Bf2 Kf7 41. Kf3 Rb7 42. Ke4 Rc7 43. f5 Rc2 44. fxg6+ hxg6 45. Be3 Rc3 46. a4
Rb3 47. h5 Rb4+ 48. Kf3 gxh5 49. gxh5 e6 50. dxe6+ Kxe6 51. h6 Kf7 52. Nc8 Rxa4
53. Nxd6+ Kg6 54. Ne4 Ra3 55. Nc5 Rxe3+ 56. Kxe3 Kxh6 1/2-1/2

[Event "DVM U16 2013"]
[Site "Lingen (Ems) GER"]
[Date "2013.12.27"]
[Round "1"]
[White "Zolfagharian, Kevin"]
[Black "Spät, Alexander"]
[Result "1-0"]
[Termination "normal"]
[Board "9.1"]
[WhiteElo "2036"]
[BlackElo "1973"]
[WhiteTeam "SG Solingen"]
[BlackTeam "Königsspringer Hamburg"]
[WhiteFideId "12933570"]
[BlackFideId "24687693"]
[EventCountry "GER"]
[EventRounds "7"]
[EventType "team-swiss"]
[EventDate "2013.12.26"]

1. e4 e6 2. d4 d5 3. Nc3 Nf6 4. Bg5 dxe4 5. Nxe4 Be7 6. Bxf6 gxf6 7. Nf3 f5 8.
Ng3 c5 9. Qd2 Nc6 10. O-O-O cxd4 11. Qh6 Bf8 12. Qh5 Qf6 13. Bb5 Bd7 14. Nxd4
Bg7 15. c3 a6 16. Bxc6 bxc6 17. Qf3 Rc8 18. Rhe1 O-O 19. Ndxf5 exf5 20. Rxd7
Bh6+ 21. Kb1 f4 22. Qg4+ Kh8 23. Ne4 Qe5 24. Rxf7 Rce8 25. Rxf8+ Bxf8 26. f3
Bg7 27. Rd1 Rb8 28. Qh4 Qa5 29. Qxf4 Qb6 30. b3 a5 31. Ng5 Bxc3 32. Qxb8+ Qxb8
33. Rd8+ Qxd8 34. Nf7+ Kg7 35. Nxd8 c5 36. Ne6+ Kf6 37. Nxc5 Bb4 38. Ne4+ Kf5
39. Kc2 Kf4 40. Kd3 h5 41. Ke2 h4 42. g3+ Ke5 43. Ke3 h3 44. g4 Be7 45. f4+ Kd5
46. g5 Bd8 47. g6 1-0

[Event "DVM U16 2013"]
[Site "Lingen (Ems) GER"]
[Date "2013.12.27"]
[Round "1"]
[White "Pfreundt, Jakob"]
[Black "Nguyen, Gia Huy Philipp"]
[Result "1-0"]
[Termination "normal"]
[Board "9.2"]
[WhiteElo "1906"]
[BlackElo "1563"]
[WhiteTeam "Königsspringer Hamburg"]
[BlackTeam "SG Solingen"]
[WhiteFideId "12918156"]
[BlackFideId "12933597"]
[EventCountry "GER"]
[EventRounds "7"]
[EventType "team-swiss"]
[EventDate "2013.12.26"]

1. d4 Nf6 2. c4 g6 3. Nc3 Bg7 4. e4 d6 5. Be2 O-O 6. Nf3 Bg4 7. Ng1 Bd7 8. f4
c5 9. d5 e6 10. e5 Ne8 11. Nf3 exd5 12. cxd5 Bg4 13. Ng5 Bxe2 14. Qxe2 h6 15.
e6 hxg5 16. e7 Qb6 17. exf8=Q+ Kxf8 18. O-O gxf4 19. Bxf4 Nd7 20. Ne4 Bxb2 21.
Rae1 Be5 22. Ng5 Kg8 23. Nxf7 Qc7 24. Qg4 Ng7 25. Qxg6 Nf8 26. Nh6+ Kh8 27. Qg3
Nd7 28. Qh4 Nf8 29. Bxe5 dxe5 30. Nf7+ 1-0

[Event "DVM U16 2013"]
[Site "Lingen (Ems) GER"]
[Date "2013.12.27"]
[Round "1"]
[White "Nink, Niklas"]
[Black "Lemke, Berfin"]
[Result "1/2-1/2"]
[Termination "normal"]
[Board "9.3"]
[WhiteElo "1493"]
[BlackElo "1609"]
[WhiteTeam "SG Solingen"]
[BlackTeam "Königsspringer Hamburg"]
[WhiteFideId "12944610"]
[BlackFideId "1270578"]
[EventCountry "GER"]
[EventRounds "7"]
[EventType "team-swiss"]
[EventDate "2013.12.26"]

1. e4 c5 2. Nf3 d6 3. d4 cxd4 4. Nxd4 Nf6 5. Nc3 a6 6. Bg5 Nbd7 7. f4 Qc7 8.
Qf3 e6 9. O-O-O b5 10. g4 Bb7 11. Bxf6 Nxf6 12. g5 b4 13. Ncb5 axb5 14. gxf6
gxf6 15. Bxb5+ Kd8 16. Kb1 Kc8 17. Rhe1 Be7 18. Qd3 Rd8 19. Re3 Bf8 20. Bc4 Qe7
21. Qb3 d5 22. exd5 Bxd5 23. Bxd5 Rxd5 24. Qxd5 exd5 25. Rxe7 Bxe7 26. Nc6 Bd6
27. Rxd5 Kc7 28. Nd4 Bxf4 29. Rf5 Be5 30. Nf3 Rd8 31. Kc1 Re8 32. Nxe5 fxe5 33.
Rxf7+ Kd6 34. Rxh7 Kd5 35. Kd2 Kd4 36. Rh4+ Kc5 37. Ke3 Ra8 38. Re4 Rxa2 39.
Rxe5+ Kd6 40. Rg5 Rxb2 41. Kd3 b3 42. c4 Rxh2 43. Rb5 Rh3+ 44. Kd2 Kc6 45. Kc1
1/2-1/2

[Event "DVM U16 2013"]
[Site "Lingen (Ems) GER"]
[Date "2013.12.27"]
[Round "1"]
[White "Samm, Bastian"]
[Black "Barche, Robert"]
[Result "1-0"]
[Termination "normal"]
[Board "9.4"]
[WhiteElo "1200"]
[BlackElo "1308"]
[WhiteTeam "Königsspringer Hamburg"]
[BlackTeam "SG Solingen"]
[WhiteFideId "12969885"]
[BlackFideId "12944572"]
[EventCountry "GER"]
[EventRounds "7"]
[EventType "team-swiss"]
[EventDate "2013.12.26"]

1. e4 e6 2. d4 d5 3. e5 c5 4. c3 Qb6 5. Nf3 Nc6 6. a3 cxd4 7. cxd4 Nge7 8. b4
Nf5 9. Bb2 a5 10. b5 Nce7 11. Bd3 a4 12. O-O Bd7 13. Nc3 Nxd4 14. Nxd4 Qxd4 15.
Ne4 Qxb2 16. Nd6+ Kd8 17. Nxf7+ Ke8 18. Nxh8 Qxe5 19. Bxh7 Qf6 20. Qh5+ Kd8 21.
Nf7+ Kc7 22. Rfc1+ Kb6 23. Ne5 Be8 24. Qxe8 Rxe8 25. Nd7+ Kxb5 26. Rc5+ Ka6 27.
Bd3+ 1-0

[Event "DVM U16 2013"]
[Site "Lingen (Ems) GER"]
[Date "2013.12.27"]
[Round "1"]
[White "Imcke, Patrick"]
[Black "Wunder, Anton"]
[Result "1-0"]
[Termination "normal"]
[Board "10.1"]
[WhiteElo "2014"]
[BlackElo "1751"]
[WhiteTeam "SF Katernberg"]
[BlackTeam "Heilbronner SV"]
[WhiteFideId "4622502"]
[BlackFideId "12964352"]
[EventCountry "GER"]
[EventRounds "7"]
[EventType "team-swiss"]
[EventDate "2013.12.26"]

1. e4 e6 2. d4 d5 3. Nc3 Nf6 4. Bg5 Bb4 5. e5 h6 6. Bd2 Bxc3 7. bxc3 Ne4 8. Qg4
g6 9. Bd3 h5 10. Qf4 Nxd2 11. Kxd2 c5 12. Nf3 c4 13. Be2 Qe7 14. h4 b5 15. Rab1
Bd7 16. Ng5 a5 17. g4 hxg4 18. Bxg4 b4 19. h5 bxc3+ 20. Ke3 gxh5 21. Bxh5 Rf8
22. Nh7 Rh8 23. Ng5 Rf8 24. Nxf7 Rxf7 25. Bxf7+ Qxf7 26. Rh8+ Ke7 27. Qg5+ 1-0

[Event "DVM U16 2013"]
[Site "Lingen (Ems) GER"]
[Date "2013.12.27"]
[Round "1"]
[White "Wasielewski, Kim-Luca"]
[Black "Schimnatkowski, Lukas"]
[Result "1-0"]
[Termination "normal"]
[Board "10.2"]
[WhiteElo "1555"]
[BlackElo "1739"]
[WhiteTeam "Heilbronner SV"]
[BlackTeam "SF Katernberg"]
[WhiteFideId "12979503"]
[BlackFideId "12936723"]
[EventCountry "GER"]
[EventRounds "7"]
[EventType "team-swiss"]
[EventDate "2013.12.26"]

1. e4 e6 2. d4 d5 3. Nc3 Nf6 4. e5 Nfd7 5. f4 c5 6. Nf3 a6 7. Be3 cxd4 8. Bxd4
Nc6 9. Bf2 Bc5 10. Bxc5 Nxc5 11. Ne2 Qb6 12. b3 Ne4 13. Nfd4 Qb4+ 14. c3 Nxc3
15. Nxc6 bxc6 16. Qd2 d4 17. Nxd4 Bb7 18. a3 Qa5 19. b4 Ne4 20. bxa5 Nxd2 21.
Kxd2 Rd8 22. Ke3 O-O 23. Rb1 Rd7 24. Be2 c5 25. Nf3 Ra8 26. Rhd1 Bd5 27. Bc4
Rad8 28. Rd2 Kf8 29. Rbd1 Ke7 30. Bxa6 Ra7 31. Bc4 Rxa5 32. Bxd5 exd5 33. Rxd5
Rxa3+ 34. R1d3 Rxd3+ 35. Rxd3 Ra8 36. Rc3 Ra2 37. Rxc5 Rxg2 38. Rc7+ Kf8 39.
Ng5 Rxh2 40. Rxf7+ Kg8 41. e6 Rh1 42. e7 Re1+ 43. Kf2 1-0

[Event "DVM U16 2013"]
[Site "Lingen (Ems) GER"]
[Date "2013.12.27"]
[Round "1"]
[White "Kennemann, Henrik Jan"]
[Black "Gündisch, Stefan"]
[Result "1-0"]
[Termination "normal"]
[Board "10.3"]
[WhiteElo "1637"]
[BlackElo "1301"]
[WhiteTeam "SF Katernberg"]
[BlackTeam "Heilbronner SV"]
[WhiteFideId "1271856"]
[BlackFideId "12983144"]
[EventCountry "GER"]
[EventRounds "7"]
[EventType "team-swiss"]
[EventDate "2013.12.26"]

1. d4 d5 2. e4 e6 3. Nc3 c5 4. dxc5 Bxc5 5. exd5 a6 6. dxe6 Qxd1+ 7. Nxd1 Bxe6
8. Be3 Bxe3 9. Nxe3 Nf6 10. Bc4 Bxc4 11. Nxc4 O-O 12. O-O-O Nc6 13. f3 b5 14.
Rd6 Ne7 15. Ne3 Rfd8 16. Rxd8+ Rxd8 17. Ne2 Nc6 18. Rd1 Re8 19. Kd2 h6 20. Nc3
Nd4 21. Ned5 Nxd5 22. Nxd5 Re2+ 23. Kd3 Rxg2 24. Kxd4 Rxc2 25. Kd3 Rxb2 26. Rd2
Rb1 27. Nc7 a5 28. f4 b4 29. Kc2 Rf1 30. Nd5 a4 31. Kd3 b3 32. axb3 axb3 33.
Kc3 Rf3+ 34. Kc4 g6 35. Rb2 Kg7 36. Rxb3 Rxb3 37. Kxb3 g5 38. f5 h5 39. Kc3 f6
40. Kd3 g4 41. Ke3 h4 42. Kf4 g3 43. hxg3 h3 44. Kf3 Kh6 45. Nxf6 Kg5 46. g4 h2
47. Kg2 Kxf6 48. Kxh2 Kg7 49. g5 1-0

[Event "DVM U16 2013"]
[Site "Lingen (Ems) GER"]
[Date "2013.12.27"]
[Round "1"]
[White "Dudt, Jonas"]
[Black "Marvani, Arman"]
[Result "0-1"]
[Termination "normal"]
[Board "10.4"]
[WhiteElo "1001"]
[BlackElo "1457"]
[WhiteTeam "Heilbronner SV"]
[BlackTeam "SF Katernberg"]
[WhiteFideId "12983152"]
[BlackFideId "12936731"]
[EventCountry "GER"]
[EventRounds "7"]
[EventType "team-swiss"]
[EventDate "2013.12.26"]

1. d4 Nf6 2. c4 c5 3. Nf3 cxd4 4. Nxd4 e5 5. Nb3 Nc6 6. Nc3 Bb4 7. Bd2 Bxc3 8.
Bxc3 d5 9. e3 O-O 10. Be2 Be6 11. cxd5 Bxd5 12. O-O Qe7 13. f4 Rad8 14. fxe5
Nxe5 15. Qd4 Rfe8 16. Rf4 Bxb3 17. Qxe5 Qxe5 18. Bxe5 Rxe5 19. axb3 Rxe3 20.
Bc4 a6 21. b4 Re4 22. Raf1 Rxf4 23. Rxf4 Rd1+ 24. Rf1 Rd4 25. Rc1 g6 26. b5
axb5 27. Bxb5 Rb4 28. Rf1 Rxb5 29. Rxf6 Rxb2 30. Rd6 Kg7 31. h3 h5 32. Kh2 g5
33. Kg3 f6 34. Rd7+ Kg6 35. Kf3 g4+ 36. hxg4 hxg4+ 37. Kg3 f5 38. Kf4 Rb4+ 39.
Kg3 Kf6 40. Rd8 Re4 41. Rf8+ Ke7 42. Rh8 b5 43. Rh7+ Kf6 44. Rh6+ Kg5 45. Rh1
f4+ 46. Kf2 b4 47. Rc1 Re5 48. Rc8 Rb5 49. Rg8+ Kf5 50. Rf8+ Ke4 51. Re8+ Kd4
52. Rf8 Ke5 53. Re8+ Kd6 54. Rf8 b3 55. Rxf4 b2 56. Rxg4 b1=Q 57. Rd4+ Rd5 58.
Rxd5+ Kxd5 59. Kg3 Ke5 60. Kf3 Qe4+ 61. Kg3 Kf5 62. Kh2 Qh4+ 63. Kg1 Kf4 64.
Kf1 Kg3 0-1

[Event "DVM U16 2013"]
[Site "Lingen (Ems) GER"]
[Date "2013.12.27"]
[Round "2"]
[White "Koop, Thorben"]
[Black "Vöge, Tobias"]
[Result "1/2-1/2"]
[Termination "normal"]
[Board "1.1"]
[WhiteElo "2232"]
[BlackElo "1946"]
[WhiteTeam "SV Lingen"]
[BlackTeam "Stader SV"]
[WhiteFideId "24661619"]
[BlackFideId "1270513"]
[EventCountry "GER"]
[EventRounds "7"]
[EventType "team-swiss"]
[EventDate "2013.12.26"]

1. Nf3 c5 2. b3 Nc6 3. Bb2 d5 4. e3 Bg4 5. Be2 e6 6. O-O Nf6 7. c4 Be7 8. d3
O-O 9. Nbd2 a6 10. a3 Nd7 11. Rc1 Bf6 12. d4 dxc4 13. bxc4 cxd4 14. exd4 Rc8
15. Ne4 Na5 16. Nxf6+ Nxf6 17. Ne5 Bxe2 18. Qxe2 Nc6 19. Nf3 Re8 20. Rfd1 Qb6
21. Ba1 Na5 22. Qd3 Qd6 23. Rc2 Rc7 24. Rdc1 Nc6 25. Qb3 Ne7 26. Bc3 Ng6 27.
Bb4 Qf4 28. g3 Qg4 29. Qe3 Rd7 30. Re1 Qf5 31. Rd2 h6 32. Ne5 Nxe5 33. dxe5 Ng4
34. Qe2 Rxd2 35. Bxd2 Rd8 36. Bc1 h5 37. h3 Nh6 38. Bxh6 gxh6 39. h4 Qg4 40.
Qe3 Kg7 41. Qb3 Rd7 42. Rc1 Qe4 43. Qb2 Qf3 44. Qb4 1/2-1/2

[Event "DVM U16 2013"]
[Site "Lingen (Ems) GER"]
[Date "2013.12.27"]
[Round "2"]
[White "Hammann, Jonas"]
[Black "Oehne, Timo"]
[Result "1/2-1/2"]
[Termination "normal"]
[Board "1.2"]
[WhiteElo "1756"]
[BlackElo "2019"]
[WhiteTeam "Stader SV"]
[BlackTeam "SV Lingen"]
[WhiteFideId "12930601"]
[BlackFideId "24661635"]
[EventCountry "GER"]
[EventRounds "7"]
[EventType "team-swiss"]
[EventDate "2013.12.26"]

1. d4 Nf6 2. c4 g6 3. Nc3 Bg7 4. e4 O-O 5. Be2 c6 6. Bg5 d5 7. e5 Ne4 8. Be3
Nxc3 9. bxc3 dxc4 10. Bxc4 c5 11. Ne2 Nc6 12. O-O cxd4 13. cxd4 Na5 14. Bd3 Be6
15. Nf4 Bd5 16. Nxd5 Qxd5 17. Qa4 Rfd8 18. Be2 Rdc8 19. Rab1 Qd8 20. Rb5 b6 21.
Rbb1 a6 22. Rfc1 b5 23. Qb4 e6 24. Qd2 Rab8 25. h3 h6 26. Kh2 Kh7 27. Rb2 Nc6
28. Rbc2 Ne7 29. Rc5 Bf8 30. Bf3 Nf5 31. Rc6 Rxc6 32. Rxc6 a5 33. Be4 Nxe3 34.
fxe3 Kg7 35. Qc2 Qg5 36. Qc1 b4 37. Bc2 Rd8 38. Bb3 Rd7 39. Ba4 Ra7 40. Rc8 Be7
41. Rb8 Bf8 42. Rc8 h5 43. Qe1 Qe7 44. Qc1 Qg5 45. e4 Qxc1 46. Rxc1 Be7 47. Kg3
Bg5 48. Rc4 Bd2 49. Kf3 Bc3 50. Ke3 g5 51. Rc8 Re7 52. Rc5 Ra7 53. Rc8 1/2-1/2

[Event "DVM U16 2013"]
[Site "Lingen (Ems) GER"]
[Date "2013.12.27"]
[Round "2"]
[White "Günther, Alexander"]
[Black "Vonhoff, Nils"]
[Result "1-0"]
[Termination "normal"]
[Board "1.4"]
[WhiteElo "1510"]
[BlackElo "1847"]
[WhiteTeam "Stader SV"]
[BlackTeam "SV Lingen"]
[WhiteFideId "24693367"]
[BlackFideId "24692301"]
[EventCountry "GER"]
[EventRounds "7"]
[EventType "team-swiss"]
[EventDate "2013.12.26"]

1. d4 g6 2. Nf3 Bg7 3. Bf4 Nf6 4. e3 O-O 5. Bd3 d6 6. Nbd2 c5 7. c3 Be6 8. Ng5
Bd5 9. e4 Bc6 10. h4 h6 11. Ngf3 Re8 12. Qc2 Nh5 13. Be3 cxd4 14. Nxd4 Qd7 15.
O-O-O e5 16. Nxc6 Nxc6 17. Be2 Nf6 18. Nc4 Bf8 19. f3 Qc7 20. g4 Nd7 21. Qd2
Re6 22. Bxh6 Bxh6 23. Qxh6 Nf8 24. h5 gxh5 25. Qxh5 Ng6 26. Qh6 Qe7 27. Ne3 Qf6
28. Bc4 Re7 29. Nf5 Rd7 30. g5 Qh8 31. Rxd6 Qxh6 32. Nxh6+ Kg7 33. Rxd7 Rf8 34.
Rxb7 1-0

[Event "DVM U16 2013"]
[Site "Lingen (Ems) GER"]
[Date "2013.12.27"]
[Round "2"]
[White "Spät, Alexander"]
[Black "Xu, Xianliang"]
[Result "1-0"]
[Termination "normal"]
[Board "2.1"]
[WhiteElo "1973"]
[BlackElo "2084"]
[WhiteTeam "Königsspringer Hamburg"]
[BlackTeam "SG Porz"]
[WhiteFideId "24687693"]
[BlackFideId "4603230"]
[EventCountry "GER"]
[EventRounds "7"]
[EventType "team-swiss"]
[EventDate "2013.12.26"]

1. e4 c5 2. Nf3 g6 3. d4 cxd4 4. Nxd4 Nc6 5. c4 Nf6 6. Nc3 Nxd4 7. Qxd4 d6 8.
Be2 Bg7 9. O-O O-O 10. Bd2 Be6 11. b3 Nd5 12. Qd3 Nxc3 13. Bxc3 Qb6 14. Rad1
Rad8 15. Bxg7 Kxg7 16. Rd2 Rd7 17. Rfd1 Rfd8 18. Qg3 Qa5 19. f4 f5 20. Bf3 fxe4
21. Bxe4 d5 22. cxd5 Bxd5 23. Qe3 e6 24. h3 Qb6 25. Kf2 Kf6 26. Rd4 Qc6 27. Bb1
Kf7 28. f5 exf5 29. Qh6 Kg8 30. Qg5 Qb6 31. Bxf5 Rf7 32. g4 Rdf8 33. Kg1 Be6
34. Bxe6 Qxe6 35. R4d2 Qb6+ 36. Kg2 Rf2+ 37. Kg3 R2f3+ 38. Kh4 R3f7 39. Qd5 Qe3
40. Qd3 g5+ 41. Kh5 Qf4 42. Qd6 Qf3 43. Rd3 Qe4 44. Rd5 Rg7 45. Rxg5 Rxg5+ 46.
Kxg5 Qe3+ 47. Kh4 Qf2+ 48. Qg3 Qf6+ 49. g5 Qf5 50. Qg4 Qf2+ 51. Kh5 Rf5 52. Kh6
Qb6+ 53. Kh5 Rf7 54. Qe4 Qc7 55. Rd5 Qb6 56. g6 Rf8 57. Rg5 h6 58. Qd5+ Kg7 59.
Qd7+ Kf6 60. Rf5# 1-0